00197nam a22000857a 4500008004100000082001600041245002000057260002500077300000900102230608b xxu||||| |||| 00| 0 eng d a708.56bROM aMuseums of Rome bMunicipality of Rome a146p